[Event "Wch U10 Girls"]
[Site "Batumi"]
[Date "2022.09.17"]
[Round "2"]
[White "Kedelidze, Aneta"]
[Black "Sadvakassova, Dilaila"]
[Result "1-0"]
[WhiteElo "1263"]
[BlackElo "1033"]
[PlyCount "54"]
[EventDate "2022.09.16"]
[EventType "swiss"]
[EventRounds "11"]
[EventCountry "GEO"]
[SourceTitle "EXT 2023"]
[Source "ChessBase"]
[SourceDate "2022.10.05"]
[SourceVersion "1"]
[SourceVersionDate "2022.10.05"]
[SourceQuality "1"]

1. d4 d5 2. c4 e6 3. Nf3 c6 4. e3 f5 5. Nc3 Nf6 6. Bd3 Bd6 7. Bd2 0-0 8. 0-0 Nbd7 9. a3 Ne4 10. b4 a6 11. Rb1 b5 12. cxd5 exd5 13. Ne2 g5 14. Ne1 Qc7 15. Kh1 Rf6 16. f4 Rh6 17. Nf3 g4 18. Bxe4 dxe4 19. Qb3+ Kg7 20. Ne5 Bxe5 21. dxe5 Qd8 22. Be1 Qe7 23. Qc3 Bb7 24. Nd4 Rf8 25. e6 Ne5 26. Nb3 Kg8 27. Qxe5 Re8 1-0